MARC

LEADER 00000nam0a2200000 4500
001 51707
005 20231101211327.0
010 |a 5704606989 
035 |a (RuTPU)RU\TPU\book\54132 
090 |a 51707 
100 |a 20030507d2001 m y0rusy50 ca 
101 0 |a rus 
102 |a RU 
105 |a a z 001zy 
200 1 |a Организация энерготехнологических комплексов в нефтехимической промышленности  |f Ю. Г. Назмеев, И. А. Конахина 
210 |a Москва  |c Изд-во МЭИ  |d 2001 
215 |a 364 с.  |c ил. 
320 |a Библиогр.: с. 355-364. 
606 1 |a Нефтеперерабатывающие заводы  |x Энергетическое хозяйство  |2 stltpush  |3 (RuTPU)RU\TPU\subj\33901  |9 56015 
610 1 |a нефтехимическая промышленность 
610 1 |a нефтеперерабатывающие предприятия 
610 1 |a крупные производства 
610 1 |a энерготехнологические комплексы 
610 1 |a системный анализ 
610 1 |a синтез 
610 1 |a тепловые технологии 
610 1 |a теплота 
610 1 |a повышающие трансформаторы 
610 1 |a холодоснабжение 
610 1 |a утилизация 
610 1 |a теплообменное оборудование 
610 1 |a дегидрирование 
610 1 |a топливно-энергетические ресурсы 
610 1 |a энергетика 
675 |a 665.63.013.6  |v 3 
700 1 |a Назмеев  |b Ю. Г.  |g Юрий Гаязович 
701 1 |a Конахина  |b И. А.  |g Ирина Александровна 
801 1 |a RU  |b 63413507  |c 20030507  |g PSBO 
801 2 |a RU  |b 63413507  |c 20141226  |g PSBO 
900 |a Технологическое проектирование и типовое оборудование нефтехимических производств 
942 |c BK